Statistiques concernant Régions et villes sur une carte - Italie

Cliquez ici pour prendre le quiz!

Statistiques générales

  • Ce quiz a été pris 190 fois
  • Le résultat moyen est 21 sur 30

Réponses sur la Carte

Les réponses sont colorées sur une échelle allant du rouge au vert en fonction du pourcentage des utilisateurs qui les ont devinées à leur premier essai. Vous pouvez retrouver ces pourcentages ci-dessous.
 

Statistiques - réponses

Réponse% Correct
Rome
100%
Milan
97%
Naples
96%
Turin
91%
Sicile
90%
Florence
89%
Sardaigne
88%
Palerme
85%
Gênes
82%
Toscane
79%
Piémont
76%
Bologne
75%
Bari
74%
Lombardie
73%
Pouilles
71%
Vénétie
66%
Latium
65%
Emilie-Romagne
64%
Vallée d'Aoste
63%
Calabre
60%
Ligurie
60%
Catane
57%
Campanie
56%
Ombrie
51%
Marche
48%
Abruzzes
47%
Trentin-Haut-Adige
47%
Frioul-Vénétie julienne
46%
Basilicate
41%
Molise
35%

Distribution des résultats

Percentile par nombre de réponses

% des personnes avec chaque résultat

Votre développement - résultats

Vous n’avez pas pris ce quiz